000 00480nam a22001697a 4500
999 _c60683
_d60683
005 20231006154001.0
008 231006s1984 gw ||||| |||| 00| 0 ger d
041 _ager
080 _a75.046(37) H-57
100 _aHeres, Gerald
_920019
245 _aGriechische Vasenmalerei /
_cHeres, Gerald.
264 _aLeipzig,
_c1984.
300 _a16 p. :
_bill.;
_c32 cm.
653 _aბერძნული ვაზა
653 _a მხატვრობა
942 _2udc
_cBK